000 00534nam a22001937a 4500
003 UUm
005 20160105141117.0
008 130307t xxu||||| |||| 00| 0 eng d
020 _a019914818X (pbk.)
050 _aQH 315
_b.A441 2001
082 _aIB 574
_bAl5sg 2001
100 _aAllot, Andrew
245 _aBiology for the IB diploma :
_bstandard and higher level
_cAndrew Allott.
260 _aOxford
_bOxford University Press
_c2001
300 _a186 p.
_bill.
_c30 cm.
562 _e1
942 _2lcc
_cBK
999 _c2067
_d2067